Filosofía de la educación : cuestiones de hoy y de siempre
Gespeichert in:
| Hauptverfasser: | , |
|---|---|
| Format: | Buch |
| Sprache: | Spanisch |
| Veröffentlicht: |
Madrid
Narcea
2012
Madrid Universidad Nacional de Educación a Distancia 2012 |
| Ausgabe: | 1a. ed |
| Schriftenreihe: | Obras Básicas UNED
|
| Schlagworte: | |
| Tags: |
Tag hinzufügen
Keine Tags, Fügen Sie den ersten Tag hinzu!
|
MARC
| LEADER | 00000cam a2200000 a 4500 | ||
|---|---|---|---|
| 001 | UCD6486 | ||
| 003 | CL-VaPUC | ||
| 008 | 161209e20120000sp |||||||||||||||||spa|d | ||
| 020 | |a 9788427718197 | ||
| 020 | |a 9788436264357 | ||
| 082 | 0 | 4 | |a 370.1 |b GAR |2 21 |
| 100 | |a García Amilburu, María |e author |9 590312 | ||
| 700 | 0 | |a García Gutiérrez, Juan |e author |9 590313 | |
| 245 | 1 | 0 | |a Filosofía de la educación : cuestiones de hoy y de siempre |
| 250 | |a 1a. ed | ||
| 300 | |a 211 p | ||
| 942 | |c BK | ||
| 945 | |d 20161209 23:21:00 |a arojas | ||
| 260 | |a Madrid |b Narcea |c 2012 | ||
| 260 | |a Madrid |b Universidad Nacional de Educación a Distancia |c 2012 | ||
| 650 | 0 | |a Filosofía de la educación |9 258384 | |
| 650 | 0 | |a Teoría de la educación |9 309368 | |
| 650 | 7 | |a PROCESO EDUCATIVO |2 CL-VaPUC |9 386797 | |
| 650 | 0 | |a Derecho a la educación |9 307987 | |
| 583 | |a last modification |c 20161209 23:21:00 |k Rodrigo Vera | ||
| 490 | 0 | |a Obras Básicas UNED | |
| 999 | |c 366801 |d 366799 | ||
| 952 | |0 0 |1 0 |3 erb |4 0 |6 370_100000000000000_GAR_2012_2012 |7 0 |8 A |9 481337 |a BIBTEO |b BIBTEO |i 5355788 |o 370.1 GAR 2012 2012 |p 5355788 |r 2025-01-17 |w 2019-11-24 |y BK |z Catalogado en:20161209 |k ICR | ||
| 952 | |0 0 |1 0 |3 erb |4 0 |6 370_100000000000000_GAR_2012_2012 |7 0 |8 A |9 481338 |a BIBTEO |b BIBTEO |i 5371775 |o 370.1 GAR 2012 2012 |p 5371775 |r 2025-01-17 |w 2019-11-24 |y BK |z Catalogado en:20170407 |k ICR | ||